000 00236nam a2200097Ia 4500
008 170619s9999 xx 000 0 und d
100 _aLATHI- B P
245 0 _aModern Digital & Analog Communication Systems
260 _bOxford
260 _c2010
546 _aENGLISH
999 _c20912
_d20912